| 000 | 00822nam a22002897a 4500 | ||
|---|---|---|---|
| 001 | BR7405794 | ||
| 003 | BR-BrBNA | ||
| 005 | 20230928084620.0 | ||
| 007 | ta | ||
| 008 | 230509b bl.||||| |||| 00| 0 por d | ||
| 040 |
_aBR-BrBNA _bpor _cBiblioteca Nacional de Agricultura |
||
| 041 | _a(Por) | ||
| 072 |
_aF00 _b1060 _b1030 |
||
| 090 | _ 1060 BR7405794 | ||
| 100 | 1 | _aDonadio, L.C. | |
| 100 | 1 | _aIgue, T. | |
| 100 | 1 | _aTeofilo Sobrinho, J. | |
| 245 | 1 | _aEstudo de tipos de forcamento do enxerto de laranjeira natal nuclear (Citrus sinensis (L.)Osbeck)em limoeiro-cravo (Citrus limonia osbeck) | |
| 260 | 3 |
_a[np](Brasil): _c1974. |
|
| 300 | _a3 p. | ||
| 650 | _aPRODUCAO VEGETAL | ||
| 650 | _aLARANJA | ||
| 650 | _aLIMAO CRAVO | ||
| 650 | _aENXERTO | ||
| 909 |
_a202309 _bLucia _c55 _dLucia Elande |
||
| 942 | _cBK | ||
| 999 |
_c20097 _d20097 |
||